Top 100 beliebtesten Vornamen 2024 - Statistiken

Allgemein
  • Dieses Quiz wurde 89 mal gespielt
  • Das Durchschnittsergebnis liegt bei 61 aus 100
Antwortstatistiken
📍 Vorname % Korrekt
Em.l Emil
94%
L.a Lia
92%
D.v.d David
90%
El.a Elia
90%
J.k.b Jakob
90%
E.i.s Elias
89%
Em.l.a Emilia
87%
Li.m Liam
85%
L.o Leo
83%
L.k.s Lukas
83%
F.l.x Felix
82%
H.n..h Hannah
82%
Pa.l Paul
82%
An.a Anna
80%
F.b..n Fabian
80%
M.x.m.l..n Maximilian
80%
M.a Mia
80%
Em.a Emma
79%
V.n.s.a Vanessa
79%
Be.j.m.n Benjamin
77%
El.s.b..h Elisabeth
76%
J.h.n.a Johanna
76%
Jo.a Jona
76%
J.l.a Julia
76%
D.n..l Daniel
75%
L.a Lea
75%
Le.n Leon
75%
S.m..l Samuel
75%
S.b..t..n Sebastian
75%
Al..a.d.r Alexander
72%
Am.l.e Amelie
72%
Le.a Lena
72%
Le.i ♂️ Levi
72%
Ma.a Mara
72%
V.l..t.n Valentin
72%
La.a Lara
70%
L.n.s Linus
70%
A.t.n Anton
69%
El.a Ella
69%
Ja.a Jana
69%
Li.a ♀️ Lina
69%
J.n.s Jonas
68%
M.r..z Moritz
68%
T.b..s Tobias
68%
Ad.i.n Adrian
66%
J.n.t..n Jonathan
66%
Lu.s Luis
66%
M.t..o Matteo
66%
Mi.a Mila
66%
S.r.h Sarah
66%
Th.m.s Thomas
66%
M.r.e Marie
65%
Ne.e Nele
65%
O.k.r Oskar
65%
L.o..e Leonie
63%
L.v.n Levin
63%
Th.o Theo
63%
I.a Ida
61%
M.r.a Maria
61%
M.c.a.l Michael
61%
J.l..n Julian
59%
S.p..e Sophie
59%
Am.l.a Amalia
58%
J.n.h Jonah
58%
L.u.a Laura
56%
S.p..a Sophia
56%
V.l..t..a Valentina
55%
L.u.s Louis
54%
K.t..r..a Katharina
52%
K.l..n Kilian
51%
C.a.l.t.e Charlotte
49%
Le.i Leni
49%
A.r.n Aaron
48%
Fl.r..n Florian
48%
M.l.n Milan
48%
A.i.a Alina
45%
E.e.a Elena
45%
Mi.a Mira
45%
Ni.a Nina
45%
Ch.i.t..n Christian
44%
L.i.a Luisa
44%
No.a Nora
44%
L.v.a Livia
42%
M.l.a Malia
41%
Mi.o Milo
39%
E.i.n Elian
35%
A.a Ava
34%
Ki.n Kian
31%
Ma.l.n Marlon
31%
Ma.l..e Marlene
30%
Mi.a Mina
30%
Ro.y Romy
30%
E.i.a Elina
28%
Ju.a Juna
28%
Lu.n Luan
27%
M.l.u Malou
24%
L.a.o Leano
20%
Yu.a Yuna
20%
A.r.l.a Aurelia
17%
Na.l Nael
15%
Keine übereinstimmenden Quizze gefunden
Verteilung der Resultate
Anzahl Personen mit jedem Resultat
Perzentil nach korrekt beantworteten Fragen
Ihre Resultats-Entwicklung
Sie haben dieses Quiz noch nicht gespielt